| 000 | 00365 a2200121 4500 | ||
|---|---|---|---|
| 000 | nam a22 7a 4500 | ||
| 005 | 20250922133947.0 | ||
| 020 | _a978-1-66693-731-2 | ||
| 100 |
_aBarris, Jeremy _9822182 |
||
| 245 | _aDeep perception: the direct awareness of individual being and the pratice of being who we are | ||
| 260 |
_bLexington Books _c2024 |
||
| 942 | _cTB | ||
| 999 |
_c1435959 _d1435959 |
||